Statistics for Countries with 5 Letters by Size

Click here to take the quiz!

General Stats

  • This quiz has been taken 22 times
  • The average score is 22 of 24

Answer Stats

Country % Correct
India
100%
Egypt
100%
Yemen
100%
China
95%
Italy
95%
Spain
95%
Chile
95%
Niger
95%
Libya
95%
Kenya
90%
Qatar
90%
Japan
90%
Sudan
90%
Ghana
90%
Syria
90%
Malta
90%
Haiti
90%
Tonga
85%
Gabon
85%
Samoa
85%
Benin
85%
Nepal
85%
Palau
80%
Nauru
80%

Score Distribution

Percentile by Number Answered

Percent of People with Each Score

Your Score History

You have not taken this quiz